000 01033nam a2200301 i 4500
001 175923
003 ES-MaACL
005 20250830232212.0
007 t|
008 101201s2010 sp a ||||1| spa d
017 _aB 1706-2010
_bOficina Depósito Legal Barcelona
040 _cES-MaACL
080 _a341.24
080 _a32(73)"20"
100 1 _aChomsky, Noam,
_d1928-
_938607
_eaut
245 1 0 _aEstados fallidos :
_bel abuso de poder y el ataque a la democracia /
_cNoam Chomsky.
260 _a[Madrid] :
_bDiario Público,
_cD. L. 2010.
300 _a415 páginas :
_bilustrado ;
_c18 cm.
490 1 _aBiblioteca pensamiento crítico
500 _aÍndice.
650 4 _aImperialismo-
_zEstados Unidos
_913601
651 7 _aEstados Unidos-
_xPolítica exterior-
_yS.XXI
_2
_9144134
852 _aES-MaACL
_jE-13736
_9182662
_cDEPO2
_xEncuadernación rústica con solapas
942 _cMONOGRAFIA
_n0
999 _c175923
_d175923